000 01441nam a2200301 a 4500
003 BLK
005 20231030093307.0
008 201105b bu ||||| |||| 00| 0 bu d
040 _aBLK
041 _aRUS
_cRUS
080 _aСоциални процеси
_b316.4
_z316.4
080 _aМироглед
_b140.8
_z140.8
100 _91299
_aМихайловски, Николай Константинович
_eпърви автор
245 _aСочинения Н. К. Михайловского
_bТ. 1 - 6
_cНиколай Михайловски
_nТ. 4
_pЧто такое прогресс? В перемежку
260 _9435462
_aСанкт-Петербург
_bтип. Ф. С. Сущинскаго
_c1879 - 1885
300 _c21 см
380 _a3
490 _9435080
_aКолекция Редки и ценни издания
490 _9435931
_aЛична библиотека на Захари Стоянов
_v5
500 _aДатирана: 27.ІV.936 г. № 165
650 7 _9171630
_aСоциология
760 _h493 с.
_oТ. 4
_tЧто такое прогресс? В перемежку
_d1883
852 _aРр 883 ЗСт
_bРц
856 _fСъдържание
_lreg users access
_qjpg
_uhttp://185.138.176.146:18082/cgi-bin/koha/opac-retrieve-file.pl?id=24b99d8c104bc24a296ceedf22a52f0c
_xpicjpg
_zСъдържание
942 _cKNG
_n0
_s1
944 _aCR
_c2020-11-05
_k30542
_lРусанова Ирена
999 _c391330
_d391330
999 _d391330